STN EN 60601-2-28: 2011 (36 4800) Zdravotnícke elektrické prístroje Časť 2-28 Osobitné požiadavky na základnú bezpečnosť a nevyhnutné prevádzkové vlastnosti röntgenových žiaričov na lekársku diagnostiku
Táto norma je slovenskou verziou európskej normy EN 60601-2-28: 2010. Preklad zabezpečil Slovenský ústav technickej normalizácie. Má rovnaké postavenie ako majú oficiálne verzie
| Corporate Author: | |
|---|---|
| Other Authors: | |
| Format: | Book |
| Language: | Slovak English |
| PhysicalDescription: | 20 s. tab. 30 cm |
| Published: |
Bratislava
Slovenský ústav technickej normalizácie
2011
|
| Subjects: |
MARC
| LEADER | 00000nam a2200000 a 4500 | ||
|---|---|---|---|
| 001 | vtls010204376 | ||
| 003 | SK-MaSNL | ||
| 005 | 20260301031401.0 | ||
| 008 | 160627s2011 xo k f u 000 0 slo | ||
| 015 | |a SNBN2013 | ||
| 020 | |c (cen. skup. 12) | ||
| 040 | |a SNK |b slo |c SNK |e AACR2 | ||
| 041 | 1 | |a slo |h eng | |
| 044 | |a xo |c SK | ||
| 046 | |a s |m 201101 (účin.) | ||
| 072 | 7 | |a 615.8 |x Fyzioterapia. Psychoterapia. Alternatívna medicína |2 konspekt | |
| 080 | |a 615.849 |2 2001 | ||
| 080 | |a 614.8 |2 2001 | ||
| 080 | |a 006.7/.8 |2 2001 | ||
| 080 | |a (437.6) |2 2001 | ||
| 080 | |a (4) |2 2001 | ||
| 080 | |a 621.386 |2 2001 | ||
| 084 | |a 11.040.55 |2 ICS | ||
| 130 | 0 | |a STN 36 4800 (STN EN 60601-2-28) |9 326777 | |
| 245 | 1 | 0 | |a STN EN 60601-2-28: 2011 (36 4800) Zdravotnícke elektrické prístroje |n Časť 2-28 |p Osobitné požiadavky na základnú bezpečnosť a nevyhnutné prevádzkové vlastnosti röntgenových žiaričov na lekársku diagnostiku |
| 246 | 1 | 0 | |a Zdravotnícke elektrické prístroje. Časť 2-28 |
| 246 | 1 | 0 | |a Osobitné požiadavky na základnú bezpečnosť a nevyhnutné prevádzkové vlastnosti röntgenových žiaričov na lekársku diagnostiku |
| 246 | 3 | 0 | |a EN 60601-2-28: 2010 E |
| 260 | |a Bratislava |b Slovenský ústav technickej normalizácie |c 2011 | ||
| 300 | |a 20 s. |b tab. |c 30 cm | ||
| 500 | |a Súbežný názov v angličtine, francúzštine, nemčine | ||
| 500 | |a Táto norma nahrádza STN EN 60601-2-28 z apríla 1999 v celom rozsahu | ||
| 500 | |a Spracovateľ RADÓN SK Banská Bystrica, Anton Auxt | ||
| 504 | |a Citované normy, súvisiace právne predpisy s. 2 | ||
| 520 | 8 | |a Táto norma je slovenskou verziou európskej normy EN 60601-2-28: 2010. Preklad zabezpečil Slovenský ústav technickej normalizácie. Má rovnaké postavenie ako majú oficiálne verzie | |
| 540 | |a STN vydané na akomkoľvek nosiči sa môžu rozmnožovať a rozširovať iba so súhlasom určenej právnickej osoby |b SÚTN Bratislava |c zákon 264/1999 Z.z. | ||
| 650 | 0 | 7 | |a diagnostická radiológia |2 SVKBBPH |9 326778 |
| 650 | 0 | 7 | |a röntgenové prístroje |2 SVKBBPH |9 323406 |
| 650 | 0 | 7 | |a bezpečnostné požiadavky |2 SVKBBPH |9 292186 |
| 650 | 0 | 7 | |a technické normy a štandardy |z Slovensko |2 SVKBBPH |9 79594 |
| 650 | 0 | 7 | |a technické normy a štandardy |z krajiny Európskej únie |2 SVKBBPH |9 289341 |
| 655 | 7 | |a normy |2 SVKBBPH |9 70643 | |
| 700 | 1 | |a Auxt, Anton, |d 1959- |4 trl |9 5363 | |
| 710 | 2 | |a RADÓN SK (Banská Bystrica, Slovensko) |4 aut |9 326779 | |
| 710 | 2 | |a Slovenský ústav technickej normalizácie (Bratislava, Slovensko). |b Technická komisia: TK 54 Elektrické zariadenia v zdravotníckej praxi |4 stn |9 322165 | |
| 852 | |a Štátna vedecká knižnica v Banskej Bystrici | ||
| 958 | |a MI | ||
| 958 | |a NB | ||
| 958 | |a OP | ||
| 999 | |c 576513 |d 578443 | ||
| 952 | |a SNK |b SNK |y PREZ |7 0 |p 17A0687127 |o snkSTN EN 60601-2-28 |i snk2011/2002 |8 0 |0 0 |1 0 |4 0 |d 2011-01-27 |l 0 |r 2026-02-23 14:35:44 |w 2026-02-23 | ||
| 952 | |a SNK |b SNK |y PREZ |7 0 |p 17A0687126 |o snkSTN EN 60601-2-28 D1 |i snk2011/2003 |8 0 |0 0 |1 0 |4 0 |d 2011-01-27 |l 0 |r 2026-02-23 14:35:44 |w 2026-02-23 | ||


